000 00500nam a2200181Ia 4500
003 STCL
008 230726s9999 xx 000 0 und d
020 _a9788121104074
_qHB
040 _aSTCL
_cSTCL
_bEN
082 _222
100 _aGamble, J S
245 0 _aFlora of the presidency of Madras: Volume 2
246 _aFlora of the presidency of Madras volume two
260 _bBishen Singh Mahendra Pal Singh
_aDehra Dun
_c2020
300 _a769 p
546 _aEnglish
942 _2DDC
_e22
_cBKDDC
999 _c89807
_d89807